5HLuxD.jpg

KING HENRY VIII SENIOR AND PRIMARY SCHOOL LIBRARY OPAC

Vegan Christmas : (Record no. 3433)

000 -LEADER
fixed length control field 02095nam a22002537a 4500
003 - CONTROL NUMBER IDENTIFIER
control field OSt
005 - DATE AND TIME OF LATEST TRANSACTION
control field 20240118092550.0
008 - FIXED-LENGTH DATA ELEMENTS--GENERAL INFORMATION
fixed length control field 240118b ||||| |||| 00| 0 eng d
020 ## - INTERNATIONAL STANDARD BOOK NUMBER
International Standard Book Number 9781787132672
040 ## - CATALOGING SOURCE
Transcribing agency KH8
082 ## - DEWEY DECIMAL CLASSIFICATION NUMBER
Classification number 641.56 OAK
100 ## - MAIN ENTRY--PERSONAL NAME
Personal name Oakley, Gaz,
Relator term author.
245 ## - TITLE STATEMENT
Title Vegan Christmas :
Remainder of title over 70 amazing recipes for the festive season /
Statement of responsibility, etc. Gaz Oakley.
260 ## - PUBLICATION, DISTRIBUTION, ETC.
Place of publication, distribution, etc. London;
Name of publisher, distributor, etc. Quadrille,
Date of publication, distribution, etc. 2018.
300 ## - PHYSICAL DESCRIPTION
Extent 174 pages :
Other physical details color illustrations ;
Dimensions 24 cm.
500 ## - GENERAL NOTE
General note Includes index
520 ## - SUMMARY, ETC.
Summary, etc. Vegans and vegetarians everywhere will have the best holiday period ever with Gaz Oakley's fantastic alternatives to the traditional turkey and trimmings. Gaz is an expert in bold flavors and textures, so everyone can enjoy a spectacular centerpiece and amazing food throughout the festive season. Gaz talks you through the menus and the planning, from Christmas morning breakfast like Sweet Potato Waffles and Tofu Benedict, through to a show-stopping lunch with the likes of Ultimate Christmas Wellington, "Turkey" Roast and Festive Nut Roast Wreath served with all the trimmings: "No Pigs" in Blankets, Hasselback Potatoes and Fluffy Yorkshire Puddings - all rounded off with spectacular dairy-free desserts including Boozy Tiramisu and "Brioche" Bread and Butter Pudding. There are vegan versions of mince pies, Pavlova, and even a "cheese" board for after! And it's not just about the big day: Gaz offers a supreme spread of party food for when you're celebrating with guests - Mini Sausage Rolls, Sticky BBQ "Ribs" and Arancini, among many others, plus ideas for leftovers including Christmas Curry and Gyros. Packed with suggestions for the festivities and advice on how to keep cool in the kitchen if you're cooking on the big day, Vegan Christmas Cookbook offers every solution you'll ever need for what to cook for vegans and vegetarians at Christmas
650 ## - SUBJECT ADDED ENTRY--TOPICAL TERM
Topical term or geographic name entry element Cooking
Form subdivision Vegan
650 ## - SUBJECT ADDED ENTRY--TOPICAL TERM
Topical term or geographic name entry element Christmas
Form subdivision Cooking
650 ## - SUBJECT ADDED ENTRY--TOPICAL TERM
Topical term or geographic name entry element Cooking
Form subdivision Recipes
700 ## - ADDED ENTRY--PERSONAL NAME
Personal name Smith, Simon,
Relator term photographer.
700 ## - ADDED ENTRY--PERSONAL NAME
Personal name O'Sullivan, Peter,
Relator term photographer.
942 ## - ADDED ENTRY ELEMENTS (KOHA)
Source of classification or shelving scheme
Koha item type Books - Non Ficton
Holdings
Withdrawn status Lost status Source of classification or shelving scheme Damaged status Not for loan Collection code Permanent Location Current Location Shelving location Date acquired Full call number Barcode Date last seen Price effective from Koha item type
          Non-Fiction KH8 Senior School Library KH8 Senior School Library Non Fiction 2024-01-18 641.56 OAK 3KHSL000102020 2024-01-18 2024-01-18 Books - Non Ficton

Powered By KH8 IT Dept